Whose Hat is That? #2 - Statistics

General Stats
  • This quiz has been taken 37 times
  • The average score is 12 of 24
Answer Stats
Picture Answer % Correct
Abraham Lincoln
94%
Johnny Depp
91%
Princess Diana
91%
Meghan Markle
89%
Napoleon Bonaparte
83%
Osama bin Laden
83%
Angelina Jolie
66%
Charles de Gaulle
60%
50 Cent
57%
Cillian Murphy
54%
John Wayne
54%
Ian McKellen
49%
Paul Hogan
49%
Idi Amin
46%
Davy Crockett
40%
Michael Gambon
40%
Sitting Bull
40%
Ruhollah Khomeini
37%
Douglas MacArthur
29%
George S. Patton
29%
Mikhail Gorbachev
29%
Andrew Lincoln
11%
Suleiman the Magnificent
11%
Walton Goggins
11%
No matching quizzes found
Score Distribution
Percent of People with Each Score
Percentile by Number Answered
Your Score History
You have not taken this quiz